Click a Directional Person Quiz Stats

 Plays Quiz not verified by Sporcle

Score 0/20 Timer 06:00
0 Plays Today
% Correct
Adam West
92.2%
Clint Eastwood
91.7%
Mae West
89.4%
Kate Upton
88.4%
Carrie Underwood
88.3%
Sheena Easton
78.9%
George Eastman
78.2%
Oliver North
76.8%
Hugh Downs
66.7%
George Westinghouse
64.8%
% Correct
Dr. William E. Upjohn
61.5%
William Westmoreland
59.6%
Gene Upshaw
50.5%
Byron Leftwich
50.3%
J. D. Souther
37.4%
Jim Northrup
36%
Edward Backhouse Eastwick
34.4%
Bob Weston
30.7%
K. K. Downing
22.1%
Frederick North
20.3%

You're not logged in!

Compare scores with friends on all Sporcle quizzes.
OR
Log In

You Might Also Like...

Show Comments

Extras

Top Quizzes Today


Score Distribution

Your Account Isn't Verified!

In order to create a playlist on Sporcle, you need to verify the email address you used during registration. Go to your Sporcle Settings to finish the process.

Report this User

Report this user for behavior that violates our Community Guidelines.

Details: